Undertale - All songs with the Your Best Friend motif - Statistics

General Stats
  • This quiz has been taken 6 times
  • The average score is 5 of 6
Answer Stats
Answer % Correct
Your Best Friend
100%
Your Best Nightmare
100%
Hopes and Dreams
83%
SAVE the World
83%
Finale
67%
Last Goodbye
67%
No matching quizzes found
Score Distribution
Percent of People with Each Score
Percentile by Number Answered
Your Score History
You have not taken this quiz